UCL top goalscorer in every season - Statistics

General Stats
  • This quiz has been taken 101 times
  • The average score is 24 of 33
Answer Stats
Season Team Goals Answer % Correct
2017-18 Real Madrid 15 Cristiano Ronaldo
100%
2016-17 Real Madrid 12 Cristiano Ronaldo
100%
2015-16 Real Madrid 16 Cristiano Ronaldo
100%
2013-14 Real Madrid 17 Cristiano Ronaldo
100%
2012-13 Real Madrid 12 Cristiano Ronaldo
100%
2007-08 Manchester United 8 Cristiano Ronaldo
100%
2018-19 Barcelona 12 Lionel Messi
100%
2011-12 Barcelona 14 Lionel Messi
100%
2010-11 Barcelona 12 Lionel Messi
100%
2009-10 Barcelona 8 Lionel Messi
100%
2008-09 Barcelona 9 Lionel Messi
100%
2022-23 Manchester City 12 Erling Haaland
98%
2020-21 Borussia Dortmund 10 Erling Haaland
98%
2019-20 Bayern Munich 15 Robert Lewandowski
95%
2014-15 Barcelona 10 Neymar
94%
2021-22 Real Madrid 15 Karim Benzema
93%
2023-24 Bayern Munich 8 Harry Kane
92%
2024-25 Borussia Dortmund 13 Serhou Guirassy
79%
2006-07 Milan 10 Kaká
72%
2005-06 Milan 9 Andriy Shevchenko
71%
1998-99 Dynamo Kyiv 8 Andriy Shevchenko
71%
2004-05 Manchester United 8 Ruud van Nistelrooy
67%
2002-03 Manchester United 12 Ruud van Nistelrooy
67%
2001-02 Manchester United 10 Ruud van Nistelrooy
67%
2000-01 Real Madrid 7 Raúl
60%
1997-98 Juventus 10 Alessandro Del Piero
49%
1994-95 PSG 7 George Weah
29%
1992-93 PSV Eindhoven 7 Romário
24%
1993-94 Barcelona 8 Ronald Koeman
22%
2003-04 Monaco 9 Fernando Morientes
19%
1995-96 Ajax 9 Jari Litmanen
9%
1999-00 Porto 10 Mário Jardel
9%
1996-97 Atlético Madrid 5 Milinko Pantić
4%
No matching quizzes found
Score Distribution
Percent of People with Each Score
Percentile by Number Answered
Your Score History
You have not taken this quiz